| 000 -LEADER |
| fixed length control field |
00393nam a22001217a 4500 |
| 082 ## - DEWEY DECIMAL CLASSIFICATION NUMBER |
| Classification number |
TNC F5x54 Ad11 |
| 100 ## - MAIN ENTRY--PERSONAL NAME |
| Personal name |
Aldanov, Boris |
| 9 (RLIN) |
30647 |
| 245 ## - TITLE STATEMENT |
| Title |
The human predicament |
| Remainder of title |
the secular ideologies ( Volume-1) |
| Statement of responsibility, etc |
by Boris Aledanov |
| 260 ## - PUBLICATION, DISTRIBUTION, ETC. (IMPRINT) |
| Place of publication, distribution, etc |
New Delhi |
| Name of publisher, distributor, etc |
Ashish Publication house |
| 300 ## - PHYSICAL DESCRIPTION |
| Extent |
618p |
| 650 ## - SUBJECT ADDED ENTRY--TOPICAL TERM |
| Topical term or geographic name as entry element |
India - Politics and government |
| 9 (RLIN) |
30648 |
| 650 ## - SUBJECT ADDED ENTRY--TOPICAL TERM |
| Topical term or geographic name as entry element |
World politics |
| 9 (RLIN) |
30649 |